000 00555nam a2200145 a 4500
008 120416s1972 ||||||||||||||||| || u
050 _aNA 7238.B68 Gol
100 _aGolovin, Anne Castrodale
245 1 0 _aBridgeport's gothic ornament
246 _athe Harral-Wheeler house
260 _aWashington, D. C.
_bSmithsonian Institution Press
_c1972
300 _a4, 26p. : ill.
350 _a0.00
995 _D0.00
_FCBU-MAIN LIBRARY (Kitwe)
_H1
_I0.00
_M1
_UAVAILABLE
_ZAnnex Low-Usage Collection
999 _c36129
_d36129